000 00704nam a2200169Ia 4500
008 090711s9999 xx 000 0 und d
082 _b79586
100 _aसोहोनी श्री. वि.
245 _aकलर टेलिव्हिजन रSाना कार्य दुरु स्ती
260 _c1996
300 _a297
600 _aसोहोनी श्री. वि.
630 _aकलर टेलिव्हिजन रSाना कार्य दुरु स्ती
700 _aसोहोनी श्री. वि.
730 _aकलर टेलिव्हिजन रSाना कार्य दुरु स्ती
942 _cBOOK
999 _c314686
_d314686